| 000 | 00000nas 2200000za 4500 |
| 001 | 9.826224 |
| 003 | CaOODSP |
| 005 | 20221107144533 |
| 007 | cr ||||||||||| |
| 008 | 161021d19781978oncqr p oss f0###b0fre|d |
| 022 | |y0828-3087 |
| 040 | |aCaOODSP|bfre |
| 041 | |aeng|afre |
| 043 | |an-cn--- |
| 086 | 1 |aCS41-017-PDF |
| 245 | 00|aShipments of domestic mobile homes |h[ressource électronique] = |bLivraisons de maisons mobiles à usage domestique. |
| 246 | 11|aLivraisons de maisons mobiles à usage domestique |
| 260 | |a[Ottawa] : |bStatistics Canada, Manufacturing and Primary Industries Division = Statistique Canada, Division des industries manufacturières et primaires, |c1978-1979. |
| 310 | |aTrimestriel |
| 362 | 0 |aVol. 6, no. 1 (mars 1978)-v. 6, no. 4 (déc. 1978). |
| 500 | |aÉdition numérisée de l’imprimé [par Statistique Canada]. |
| 546 | |aTexte en anglais et en français. |
| 692 | 07|2gccst|aLogement |
| 692 | 07|2gccst|aStatistique |
| 710 | 1 |aCanada. |bStatistique Canada. |bDivision des industries manufacturières et primaires. |
| 780 | 00|tFabricated metal products |w(CaOODSP)9.834550 |
| 791 | |tShipments of domestic mobile homes |eeng|w(CaOODSP)9.826223 |